00525nam a2200145 a 450000100100000000500170001000800410002704000250006810000370009324501120013026000370024230000360027950400290031570000350034400003831520201002031228.0130408s1999 dr ac 000 0 spa d aDO-SdBNPbspacBNPHU1 aSimón Consuegra, José Miguel10aEducación sexual para la vida y el amor /cJosé Miguel Simón Consuegra, Margarita Hernández Tejada. aSanto Domingo :bSusaeta,c1999. a115 p. :bils., rets. ;c28 cm. aBibliografía : p. 115-1 aHernández Tejada, Margarita,